000 01134nam a22002175i 4500
001 154552
003 ES-MaACL
005 20240528104046.0
008 981001q1845 sp |||| | spa d
100 1 _aGonzález Cabo-Reluz, Juan.
_9127401
245 1 0 _aElogio académico del Illmo. Señor D. Vicente González Arnao /
_cpor el Excmo. Sr. D. Juan González Cabo-Reluz... ; y leído por el Doctor D. Vicente de la Fuente, bibliotecario, en las exequias celebradas por la Universidad de Madrid el día 20 de julio de 1845, en sufragio del alma de dicho Ilustrísimo Señor.
260 _a[Madrid :
_bs.n.,
_c1845?]
300 _a8 p. ;
_c26 cm.
530 _aDisponible en formato digital.
594 _aTít. y autor tomados del comienzo del texto
600 1 4 _aGonzalez Arnao, Vicente-
_xElogios.
_9127386
700 1 _aFuente, Vicente de la,
_d1817-1889
_952857
852 4 _aES-MaACL
_jT-47-F-5
_z- Enc. hol.
_z- Enc. en un vol. facticio
856 4 _uhttp://bvrajyl.rajyl.es/i18n/consulta/registro.cmd?id=8341
_zBiblioteca Virtual de la Real Academia de Jurisprudencia y Legislación
999 _c154552
_d154552